[Event "Box Hill Winter Interclub"]
[Site "Box Hill"]
[Date "2003.07.18"]
[Round "1.8"]
[White "Suderson, Sunilson"]
[Black "Wilson, Norm"]
[Result "1-0"]
[WhiteElo "1592"]
[BlackElo "1551"]
[PlyCount "39"]
[EventDate "2003.07.18"]
[EventType "team-tourn"]
[EventRounds "7"]
[EventCountry "AUS"]
[SourceTitle "EXT 2018"]
[Source "ChessBase"]
[SourceDate "2017.10.13"]
[SourceVersion "1"]
[SourceVersionDate "2017.10.13"]
[SourceQuality "1"]

1. e4 d6 2. d4 Nf6 3. Nc3 g6 4. Be3 Bg7 5. f3 0-0 6. g4 e5 7. Nge2 c6 8. Qd2 Re8 9. 0-0-0 Qc7 10. Ng3 b5 11. h4 b4 12. Na4 a5 13. dxe5 dxe5 14. Nb6 Ra7 15. Nxc8 Rxc8 16. Bxa7 Qxa7 17. Kb1 c5 18. Bc4 Nc6 19. g5 Rd8 20. Qxd8+ 1-0